LEADER 00903nam0 2200241 450 001 000006852 005 20060327123703.0 010 $a88-14-09361-X 100 $a20060327d2002----km-y0itay50------ba 101 0 $aita 102 $aIT 105 $ay-------001yy 200 1 $aCodice del lavoro dell'Unione europea$eannotato con la giurisprudenza della Corte di giustizia$eaggiornato al mese di luglio del 2002$fGianni Arrigo, Raffaele Foglia$gcon la collaborazione di Daniela D'Antonio e Marco Cilento$gpresentazione di Antonio Saggio 210 $aMilano$cGiuffrè$d2002 215 $aXXX, 1305 p.$d24 cm 676 $a341.763$v20 700 1$aArrigo,$bGianni$0120433 701 1$aFoglia,$bRaffaele$0231911 801 0$aIT$bUNIPARTHENOPE$c20060327$gRICA$2UNIMARC 912 $a000006852 951 $a3HP(1)$b35996$cNAVA3 996 $aCodice del lavoro dell'Unione europea$91205449 997 $aUNIPARTHENOPE LEADER 01538nam1 2200325 i 450 001 VAN0090144 005 20130802123425.845 100 $a20120622f |0itac50 ba 101 $aita$aGRC 102 $aIT 105 $a|||| ||||| 200 1 $aGeografia$fStrabone$gintroduzione, traduzione e note di Anna Maria Biraschi 205 $aMilano : Rizzoli 210 $dvol. : ill. ; 18 cm 215 $aSul frontespizio: Testo greco a fronte. 410 1$1001VAN0093936$12001 $aBUR. L$1210 $aMilano$cBUR.$v687 463 1$1001VAN0090146$12001 $aˆIl ‰Peloponneso$fStrabone$gintroduzione, traduzione e note di Anna Maria Biraschi$1205 $aMilano : Rizzoli$b1992$1210 $d306 p., [4] carte di tav. ; 18 cm$1215 $aSul frontespizio: Testo greco a fronte.$v8 463 1$1001VAN0090145$12001 $aˆL'‰Italia$fStrabone$gintroduzione, traduzione e note di Anna Maria Biraschi$1205 $a3. ed$1210 $aMilano$cRizzoli$d1994$1215 $a352 p., [5] carte di tav.$d18 cm. - Sul frontespizio: Testo greco a fronte.$v5-6 620 $dMilano$3VANL000284 676 $a913.7$cGeografia del mondo antico. Italia antica e territori adiacenti.$v21 700 0$aStrabo$3VANV055900$0169725 702 1$aBiraschi$bAnna Maria$3VANV055641 712 $aRizzoli $3VANV108159$4650 790 0$aStrabon$zStrabo$3VANV207207 790 0$aStrabone$zStrabo$3VANV207208 790 0$aStrabone : da Amasea$zStrabo$3VANV207209 801 $aIT$bSOL$c20230714$gRICA 912 $aVAN0090144 996 $aGeographica$913285 997 $aUNICAMPANIA